000 00431nam a2200181Ia 4500
001 25083
005 20260414151126.0
008 260414t2004||||xx |||||||||||||| ||spa||
041 _aESP
082 _a346.2
_bD59 2004 T. 1
100 _aColin, Ambroise
_eAUT
245 0 _aDerecho civil :
_bregĂ­menes matrimoniales
260 _c2004
300 _a
_c28 cm.
650 _aDER
654 _aCDE
942 _cLIB
_dJUS
_fJUS
_2ddc
_n
999 _c25083
_d25083